El alma fiel animada del espíritu de Jesucristo por la meditación de los divinos misterios en consideraciones sobre los misterios...

Detalles Bibliográficos
Autor principal: BAUDRAND ( Abad )
Formato: Libro
Publicado: París 1852
Materias:
Colección:Banco de datos
Acervo:Biblioteca del Ex Convento de Nuestra Señora de Guadalupe. Zacatecas
Tema general:Ascética
Notas:Buena. XIV,2,13 (4709)
LEADER 00784nam a22001930004500
035 |a 46136 
036 |a 7320 
100 1 |a BAUDRAND ( Abad ) 
245 1 0 |a El alma fiel animada del espíritu de Jesucristo por la meditación de los divinos misterios en consideraciones sobre los misterios...  |c tr. D.J.B. 
260 |a París  |b ed. Librería de Rosa, Bouret y Cía., imp Beau  |c 1852 
500 |a Buena. XIV,2,13 (4709) 
650 1 0 |a Ascética 
949 |a CRZ-CG 
959 |a Ex convento de Nuestra Señora de Guadalupe, Museo Regional de Zacatecas, Zacatecas  |b CCC4 
960 |a Convento de Nuestra Señora de Guadalupe, Zacatecas  |b DD87 
961 |a Franciscana  |b OF 
942 |c CRZ-CG 
943 |g Biblioteca del Ex Convento de Nuestra Señora de Guadalupe. Zacatecas 
999 |c 970263  |d 970263